| 000 | 01207nam0a22002771 4500 | ||
|---|---|---|---|
| 001 | rc\538899 | ||
| 005 | 20250621123614.0 | ||
| 010 |
_a5-217-00088-0 _95200 |
||
| 035 | _a(NLR Aleph) 005775951 | ||
| 090 |
_a5077408 _c5077408 |
||
| 100 | _a20030616d1988 |||y0rusy50 ca | ||
| 101 | 0 | _arus | |
| 102 | _aRU | ||
| 105 | _aa ||||||||| | ||
| 200 | 1 |
_aТехнология текстильного машиностроения _e[Учеб. для вузов по спец. "Машины и аппараты текстил. пром-сти" и "Машины и аппараты пр-в хим. волокон" _fЛ.К. Сизенов, А.А. Мизери, Е.В. Григорьев и др.] _gПод общ. ред. Л.К. Сизенова |
|
| 210 |
_aМ. _cМашиностроение _d1988 |
||
| 215 |
_a318, [1] с. _cил. _d22 |
||
| 300 | _aАвт. указаны на обороте тит. л. | ||
| 320 | _aБиблиогр.: с. 310-311 (24 назв.) | ||
| 320 | _aПредм. указ.: с. 312-315 | ||
| 701 | 1 |
_aСизенов _bЛ.К. _gЛеонид Константинович |
|
| 801 | 0 |
_aRU _bNLR _gpsbo |
|
| 801 | 1 |
_aRU _bELAR _2rusmarc |
|
| 852 |
_aNLR _j88-5/2725 |
||
| 942 | _cBOOK | ||
| 980 | _aNB | ||